Humanismo socialista

Saved in:
Bibliografiske detaljer
Hovedforfatter: Fromm, Erich (Author)
Format: Bog
Sprog:spansk
Udgivet: Ciudad de México Editorial Paidós 1989
Udgivelse:1a. ed
Serier:Paidós Studio, 2
Fag:
Tags: Tilføj Tag
Ingen Tags, Vær først til at tagge denne postø!

MARC

LEADER 00000cam a2200000 a 4500
001 UCC0557
003 CL-VaPUC
008 170818e19890000mx |||||||||||||||||spa|d
082 0 4 |a 144  |b FRO  |2 21 
100 0 |a Fromm, Erich  |e author  |9 315922 
245 1 0 |a Humanismo socialista 
250 |a 1a. ed 
300 |a 499 p 
942 |c BK 
945 |d 20170818 15:36:00  |a arojas 
260 |a Ciudad de México  |b Editorial Paidós  |c 1989 
650 0 |a Humanismo  |9 256530 
650 0 |a Socialismo  |9 255260 
650 7 |a MARXISMO  |2 CL-VaPUC  |9 594554 
650 0 |a Dialéctica  |9 257902 
650 0 |a Libertad  |9 255686 
583 |a last modification  |c 20170818 15:36:00  |k Rodrigo Vera 
490 0 |a Paidós Studio, 2 
999 |c 369361  |d 369359 
952 |0 0  |1 0  |3 erb  |4 0  |6 144_000000000000000_FRO_1989  |7 0  |8 A  |9 485119  |a BIBEDU  |b BIBEDU  |i 5414946  |l 1  |o 144 FRO 1989  |p 5414946  |r 2023-09-29  |s 2023-09-22  |w 2019-11-24  |y BK  |z Catalogado en:20170818  |k PSI